[Event "HUN-chT1 9596"]
[Site "HUN"]
[Date "1995.??.??"]
[Round "6"]
[White "Feher, Gyula"]
[Black "Izsak, Gyula"]
[Result "1/2-1/2"]
[WhiteElo "2420"]
[BlackElo "2445"]

1.e4 c5 2.Nf3 e6 3.d4 cxd4 4.Nxd4 a6 5.Bd3 Nf6 6.O-O d6 7.c4 Be7 8.Nc3 O-O
9.Kh1 Nc6 10.Be3 Bd7 11.f4 Rc8 12.Rc1 Nxd4 13.Bxd4 Bc6 14.Qf3 Nd7 15.Nd5 exd5
16.exd5 Ba4 17.b3 Bf6 18.Bg1 Nc5 19.bxa4 Qd7 20.Bxc5  1/2-1/2

[Event "HUN-chT1 9596"]
[Site "HUN"]
[Date "1995.??.??"]
[Round "6"]
[White "Karolyi, Tibor Jr"]
[Black "Erdelyi, Tamas"]
[Result "1/2-1/2"]
[WhiteElo "2385"]
[BlackElo "2305"]

1.e4 c5 2.Nf3 e6 3.d4 cxd4 4.Nxd4 a6 5.Bd3 Nf6 6.O-O d6 7.Qe2 g6 8.c4 Bg7
9.Nc3 O-O 10.Rd1 Qc7 11.Nf3 Nbd7 12.Bf4 Ne5 13.Rac1 Nfd7 14.b3 b6 15.Bb1 Re8
16.Nxe5 Nxe5 17.Qd2 Bf8 18.Na4 Rb8 19.Qd4 Rb7 20.Qe3 Qb8 21.h3 Bd7 22.Nxb6 Rxb6
23.Bxe5 dxe5 24.Rxd7 Rc6 25.Qf3 Be7 26.Rcd1 Qb6 27.Bc2 Qc5 28.Qc3 Rd6 29.R1xd6 Bxd6
30.Qd2 Be7 31.Bd1 Kg7 32.Be2 Rb8 33.Qc3 Bf6 34.Bg4 Kg8 35.Qf3 Be7 36.Qd3 Rb6
37.Qc3 Kf8 38.Be2 a5 39.Kf1 Rb8 40.Qd3 Ke8  1/2-1/2

[Event "ISL-chT"]
[Site "Island"]
[Date "1995.??.??"]
[Round "?"]
[White "Einarsson, Halldor"]
[Black "Vidarsson, Jon G"]
[Result "0-1"]
[WhiteElo "2315"]
[BlackElo "2325"]

1.e4 c5 2.Nf3 e6 3.d4 cxd4 4.Nxd4 a6 5.Bd3 Bc5 6.Nb3 Ba7 7.Nc3 Nc6 8.Qe2 Nge7
9.Be3 Qc7 10.O-O-O d6 11.f4 O-O 12.Rhf1 b5 13.Bxa7 Rxa7 14.Qh5 b4 15.Ne2 f5
16.exf5 Nxf5 17.g4 g6 18.Qh3 Ng7 19.Qg3 d5 20.Ned4 Nxd4 21.Nxd4 Qd6 22.Rf2 Raf7
23.Rdf1 a5 24.Qe3 a4 25.Nb5 Qb8 26.Nd4 a3 27.b3 Bd7 28.h4 e5 29.fxe5 Rxf2
30.Rxf2 Rxf2 31.Qxf2 Qxe5 32.g5 Bf5 33.Nxf5 Nxf5 34.Bxf5 gxf5 35.Kd2 f4 36.Qe2 Qc3+
37.Kd1 Qe3 38.Qb5 Qd4+ 39.Ke2 Qe4+  0-1

[Event "Katowice op"]
[Site "Katowice"]
[Date "1995.??.??"]
[Round "7"]
[White "Goloshchapov, Alexander"]
[Black "Cherevatenko, Roman"]
[Result "1-0"]
[WhiteElo "2200"]
[BlackElo "2365"]

1.e4 c5 2.Nf3 e6 3.d4 cxd4 4.Nxd4 a6 5.Bd3 Bc5 6.Nb3 Ba7 7.Qe2 Nc6 8.Be3 d6
9.O-O Nge7 10.Nc3 b5 11.Rad1 O-O 12.f4 b4 13.Nb1 Qc7 14.Bxa7 Qxa7+ 15.Kh1 a5
16.a4 Bb7 17.N1d2 Rad8 18.Nc4 Ng6 19.Qf2 Qa8 20.Qb6 Rd7 21.Rde1 d5 22.Ncxa5 dxe4
23.Bb5 Nxa5 24.Nxa5 Re7 25.Nxb7 Rxb7 26.Qe3 Rc7 27.Qxe4 Qa5 28.f5 exf5 29.Qxf5 Qb6
30.Re2 Rc5 31.Qf2 Qc7 32.b3 Rh5 33.h3 Nh4 34.Qf4 Qc5 35.Re8 f6 36.Qc4+ Qd5
37.Rd1  1-0

[Event "GER-ch (Women)"]
[Site "Krefeld"]
[Date "1995.??.??"]
[Round "5"]
[White "Koglin, Anke"]
[Black "Borulia, Ekaterina"]
[Result "0-1"]
[WhiteElo "2235"]
[BlackElo "2370"]

1.e4 c5 2.Nf3 e6 3.d4 cxd4 4.Nxd4 a6 5.Bd3 Nc6 6.Nxc6 dxc6 7.Nd2 e5 8.Qh5 Bd6
9.Nc4 Nf6 10.Nxd6+ Qxd6 11.Qh4 O-O 12.O-O Nd7 13.Bg5 f6 14.Bd2 b5 15.a4 Nb6
16.axb5 cxb5 17.Rfd1 Be6 18.Be3 Qc6 19.f3 Na4 20.Rdb1 Rad8 21.Qf2 Rd7 22.Bf1 Rc8
23.c3 Bb3 24.h4 Rcd8 25.Rc1 Bc4 26.Qc2 Nc5 27.Bxc4+ bxc4 28.Bxc5 Qxc5+ 29.Qf2 Qxf2+
30.Kxf2 Rd2+ 31.Kg3 Rxb2 32.Rxa6 Rdd2 33.Rg1 Rb3 34.h5 h6 35.Kg4 Rxc3 36.Kf5 Kh7
37.Ra8 Rb3 38.Rc8 c3 39.g4 c2 40.Ra1 Rxf3+ 41.Ke6 Rfd3 42.Ra7 Rd8 43.Rc5 Rg2
44.Rf7 Re8+ 45.Kd7 Ra8 46.Rc7 Rxg4  0-1

[Event "Kuopio op1"]
[Site "Kuopio"]
[Date "1995.??.??"]
[Round "?"]
[White "Raaste, Eero J"]
[Black "Erneste, Inguna"]
[Result "1/2-1/2"]
[WhiteElo "2355"]
[BlackElo "2290"]

1.e4 c5 2.Nf3 e6 3.d4 cxd4 4.Nxd4 a6 5.Bd3 Qc7 6.Nc3 d6 7.a4 b6 8.f4 Nf6
9.O-O Bb7 10.Kh1 Nc6 11.Be3 Be7 12.Qf3 O-O 13.Qg3 Nd7 14.e5 Nxd4 15.Bxd4 dxe5
16.fxe5 f5 17.Ne2 Qc6 18.Nf4 Rf7 19.b3 Nf8 20.Rad1 Kh8 21.Be2 Qxc2 22.Bc4 b5
23.Bxe6 Nxe6 24.Nxe6 f4 25.Qf2 Qxb3 26.Nc5 Bxc5 27.Bxc5 Qe6 28.Rfe1 Re8 29.Rd6 Qg4
30.axb5 axb5 31.e6 Rf6 32.e7 Rxd6 33.Bxd6 f3 34.g3 Bc6 35.Kg1 h5 36.Qe3 h4
37.Qf2 hxg3 38.Qxg3 Qxg3+ 39.hxg3 Kg8 40.Kf2 Kf7 41.Re5 Ra8 42.Bc5 Ra2+ 43.Kf1 Rc2
44.g4 g6 45.Bd6 Rd2 46.Bb4 Rd4 47.Bc5 Rd1+ 48.Kf2 Rd2+ 49.Kf1 Rc2 50.Bb4 Ke8
51.Re6 Rc4 52.Rxg6 Rxb4 53.Rxc6 Kxe7 54.Rb6 Kd7 55.Kf2 Kc7 56.Rg6 Rf4 57.g5 b4
58.Rh6 b3 59.g6 b2 60.Rh1 Rg4 61.Kxf3 Rxg6 62.Rb1 Rb6  1/2-1/2

[Event "Kurgan"]
[Site "Kurgan"]
[Date "1995.??.??"]
[Round "1"]
[White "Kotsur, Pavel"]
[Black "Chuprov, A."]
[Result "1-0"]
[WhiteElo "2415"]
[BlackElo "2420"]

1.e4 c5 2.Nf3 e6 3.d4 cxd4 4.Nxd4 a6 5.Bd3 Nf6 6.O-O d6 7.f4 Qb6 8.Kh1 Nbd7
9.Be3 Qc7 10.Nc3 Be7 11.a4 b6 12.e5 dxe5 13.fxe5 Nxe5 14.Bf4 Bb7 15.Qe2 Nfd7
16.Rae1 Bf6 17.Ne4 Rd8 18.Qh5 Ke7 19.Nf3 g6 20.Qh3 Bxe4 21.Rxe4 Qc5 22.Rfe1 Nxf3
23.Rxe6+ Kf8 24.Bd6+ Qxd6 25.Rxd6 Nxe1 26.Rxd7 Rxd7 27.Qxd7 Nxd3 28.Qxd3 a5
29.Qd6+ Kg7 30.Qxb6 Rd8 31.h4 Rd1+ 32.Kh2 Be5+ 33.Kh3 h5 34.g3 Rd2  1-0

[Event "Kurgan"]
[Site "Kurgan"]
[Date "1995.??.??"]
[Round "10"]
[White "Kotsur, Pavel"]
[Black "Pugachov, Alexey"]
[Result "1-0"]
[WhiteElo "2415"]
[BlackElo "2475"]

1.e4 c5 2.Nf3 e6 3.d4 cxd4 4.Nxd4 a6 5.Bd3 Nf6 6.O-O d6 7.f4 Nbd7 8.Kh1 b5
9.a4 bxa4 10.Nc3 Bb7 11.f5 e5 12.Nf3 Nc5 13.Bg5 Be7 14.Bxf6 Bxf6 15.Qe2 O-O
16.Bc4 Qb6 17.Rab1 Qb4 18.Nd5 Bxd5 19.Bxd5 Rab8 20.g4 h6 21.h4 Be7 22.g5 a3
23.gxh6 gxh6 24.Rg1+ Kh7 25.Ng5+ Bxg5 26.hxg5 Rh8 27.Qh5  1-0

[Event "Las Palmas op"]
[Site "Las Palmas"]
[Date "1995.??.??"]
[Round "2"]
[White "Menvielle Lacourrelle, Augusto"]
[Black "Bellon Lopez, Juan Manuel"]
[Result "0-1"]
[WhiteElo "2285"]
[BlackElo "2490"]

1.e4 c5 2.Nf3 e6 3.d4 cxd4 4.Nxd4 a6 5.Bd3 d6 6.O-O Nf6 7.Qe2 Be7 8.b3 O-O
9.Bb2 b6 10.Nd2 Bb7 11.Rad1 Qc7 12.N4f3 e5 13.Nc4 Nbd7 14.Nfd2 Rfe8 15.Ne3 Nc5
16.Nf5 Bf8 17.f4 g6 18.fxe5 dxe5 19.Ng3 Bg7 20.Nf3 b5 21.h3 Nfd7 22.Ng5 Re7
23.h4 Nf8 24.h5 Nfe6 25.Nh3 Nf4 26.Qf2 Nxh3+ 27.gxh3 Rd7 28.Bc1 Rad8 29.h6 Bf8
30.Qe2 Ne6 31.Qg4 Kh8 32.Kh2 Bc8 33.Qf3 Nf4 34.Ne2 Bxh6 35.Nxf4 exf4 36.Bxf4 Bxf4+
37.Qxf4 Qxf4+ 38.Rxf4 Kg7 39.Rdf1 Rc7 40.Kg3 Be6 41.h4 h5 42.Kf2 a5 43.Ke3 Rc3
44.Ke2 Rd7 45.Rg1 a4 46.Rb1 axb3 47.axb3 Bxb3 48.Rxb3 Rdxd3 49.Rb4 Rd7 50.Rb2 Ra3
51.e5 Re7 52.Re4 Rc3 53.Rxb5 Rxc2+ 54.Kf3 Rc3+ 55.Kf4 Ra7 56.e6 fxe6 57.Rbe5 Rf7+  0-1

[Event "Las Palmas op"]
[Site "Las Palmas"]
[Date "1995.??.??"]
[Round "5"]
[White "Rogers, Ian"]
[Black "Kovacevic, Slobodan"]
[Result "1-0"]
[WhiteElo "2600"]
[BlackElo "2365"]

1.e4 c5 2.Nf3 e6 3.d4 cxd4 4.Nxd4 a6 5.Bd3 Nf6 6.O-O d6 7.Qe2 Nbd7 8.c4 Be7
9.b3 O-O 10.Bb2 Re8 11.Nc3 Bf8 12.Kh1 g6 13.Rad1 Qc7 14.f4 Bg7 15.Bb1 e5
16.Nc2 exf4 17.Nb4 Nb6 18.Rxf4 Be6 19.Rdf1 Nfd7 20.Qf2 Ne5 21.Nbd5 Bxd5 22.exd5 Re7
23.Ne4 Nbd7 24.Ba3 f5 25.Bxd6 Qd8 26.Ng5 Nf6 27.Bxe7 Qxe7 28.Ne6 Bh6 29.Bxf5 gxf5
30.Rxf5 Nfd7 31.Qg3+ Ng6 32.Rf7 Qxf7 33.Rxf7 Kxf7 34.Qh3 Ndf8 35.Qxh6 Nxe6
36.dxe6+ Kxe6 37.Qxh7 Kf6 38.h3 b6 39.Qd7 Rf8 40.Qd4+ Ke7 41.Qxb6 Rf6 42.Qb7+ Ke8
43.b4 Ne7 44.a4  1-0

[Event "NLD-ch U26"]
[Site "Leeuwarden"]
[Date "1995.??.??"]
[Round "4"]
[White "Van Blitterswijk, Stefan"]
[Black "Strating, Sybolt"]
[Result "0-1"]
[WhiteElo "2250"]
[BlackElo "2310"]

1.e4 c5 2.Nf3 e6 3.d4 cxd4 4.Nxd4 a6 5.Bd3 Qc7 6.Qe2 Bc5 7.Nb3 Be7 8.Nc3 Nc6
9.f4 d6 10.O-O Nf6 11.Bd2 Nd7 12.Rae1 b5 13.Qh5 Nb6 14.Nd5 exd5 15.exd5 Na7
16.Ba5 Bb7 17.Kh1 Kf8 18.Qe2 Re8 19.f5 Bxd5 20.f6 gxf6 21.Qe3 Rg8 22.Rf3 Bxf3
23.gxf3 Rb8 24.Nd4 Rg5 25.h4 Rh5 26.Qe4 Qd7 27.Kg2 Nc4 28.Bxc4 bxc4 29.Bc3 f5
30.Qd5 Bxh4 31.Rh1 Rb5 32.Nxb5 axb5 33.f4 Qc6 34.Qxc6 Nxc6 35.Be1 Nd4 36.Rxh4 Rxh4
37.Bxh4 Nxc2 38.a3 Ne3+ 39.Kf2 Nd1+ 40.Ke2 Nxb2 41.Be1 Na4 42.Kd2 Ke7  0-1

[Event "Leeuwarden op"]
[Site "Leeuwarden"]
[Date "1995.??.??"]
[Round "4"]
[White "Wiersma, Eelke"]
[Black "Donk, Merlijn Silvester"]
[Result "0-1"]
[WhiteElo "2280"]
[BlackElo "2365"]

1.e4 c5 2.Nf3 e6 3.d4 cxd4 4.Nxd4 a6 5.Bd3 Nf6 6.O-O Qc7 7.Qe2 d6 8.c4 g6
9.Nc3 Bg7 10.Rd1 O-O 11.Nf3 Nbd7 12.h3 b6 13.Bf4 Nh5 14.Bd2 Bb7 15.Rac1 Rac8
16.b3 Qb8 17.Bb1 Rfd8 18.g4 Nhf6 19.Bf4 Ne5 20.Nxe5 dxe5 21.Be3 Rd4 22.Bxd4 exd4
23.Rxd4 Nxg4 24.e5 Nxe5 25.Be4 f5 26.Bg2 Bxg2 27.Kxg2 Qb7+ 28.f3 Qe7 29.Rcd1 Qg5+
30.Kh2 Qh5 31.Rd8+ Rxd8 32.Rxd8+ Kf7 33.f4 Qh4 34.Rd6 Qxf4+ 35.Kg2 Qg5+ 36.Kh2 Nf3+
37.Qxf3 Be5+  0-1

[Event "Liechtenstein op"]
[Site "Liechtenstein"]
[Date "1995.??.??"]
[Round "9"]
[White "Paehtz, Thomas Sr"]
[Black "Arbakov, Valentin"]
[Result "1-0"]
[WhiteElo "2470"]
[BlackElo "2455"]

1.e4 c5 2.Nf3 e6 3.d4 cxd4 4.Nxd4 a6 5.Bd3 d6 6.O-O Nd7 7.c4 Nc5 8.Bc2 b6
9.b4 Nd7 10.Bb2 Bb7 11.Nd2 Ngf6 12.Qe2 g6 13.f4 e5 14.N4f3 Bg7 15.c5 bxc5
16.Nc4 O-O 17.Nxd6 Bc6 18.Nxe5 Nxe5 19.fxe5 Nd7 20.Rxf7 Rxf7 21.Nxf7 Qe7
22.Bb3 Bb5 23.Nd6+ Kh8 24.Qd2 Nxe5 25.a4 Bc6 26.Rf1 c4 27.Bxe5 Bxe5 28.Nf7+ Kg7
29.Qh6+ Kg8 30.Bxc4 Bd4+ 31.Kh1 Bxe4 32.Nd8+  1-0

[Event "Linares op"]
[Site "Linares"]
[Date "1995.??.??"]
[Round "?"]
[White "Spangenberg, Hugo"]
[Black "Kovacevic, Slobodan"]
[Result "1-0"]
[WhiteElo "2500"]
[BlackElo "2365"]

1.e4 c5 2.Nf3 e6 3.d4 cxd4 4.Nxd4 a6 5.Bd3 Nf6 6.O-O d6 7.c4 Nbd7 8.Nc3 Be7
9.b3 O-O 10.Bb2 Re8 11.Rc1 Bf8 12.Kh1 g6 13.b4 b6 14.f4 Bb7 15.Nf3 d5 16.cxd5 exd5
17.Nxd5 Nxd5 18.exd5 Nf6 19.Bc4 Bg7 20.d6 Rf8 21.Ne5 Rc8 22.Qb3 Qxd6 23.Bxf7+ Kh8
24.Rcd1 Qe7 25.Rd7 Qxd7 26.Nxd7 Nxd7 27.Be6 Rcd8 28.Bxg7+ Kxg7 29.Qc3+ Nf6
30.Qc7+ Rf7 31.Qxf7+  1-0

[Event "Linares zt"]
[Site "Linares"]
[Date "1995.??.??"]
[Round "1"]
[White "Santo Roman, Marc"]
[Black "Piket, Jeroen"]
[Result "0-1"]
[WhiteElo "2485"]
[BlackElo "2625"]

1.e4 c5 2.Nf3 e6 3.d4 cxd4 4.Nxd4 a6 5.Bd3 Bc5 6.Nb3 Ba7 7.Qe2 Nc6 8.Be3 d6
9.c4 e5 10.Bxa7 Rxa7 11.Nc3 Nge7 12.O-O O-O 13.Rfd1 Be6 14.Rac1 Qb8 15.Nd5 b6
16.Qe3 a5 17.h3 Ng6 18.Be2 a4 19.Nd2 h6 20.Nf3 Bxd5 21.Rxd5 Nf4 22.Rb5 Qc7
23.Bf1 Rb8 24.Qa3 Ne6 25.Rd5 Nc5 26.Re1 Rd8 27.g3 Raa8 28.h4 Qa7 29.Bh3 Qa5
30.Re3 Nb4 31.Rd2 Nb7 32.Bf1 Qc5 33.Rc3 Na5 34.Ne1 Nac6 35.Nc2 Nxc2 36.Rdxc2 Nd4
37.Rd2 g5 38.hxg5 hxg5 39.Bh3 Kg7 40.Bg4 Qc6 41.f3 Rh8 42.Rh2 b5 43.Qb4 a3
44.b3 Rxh2 45.Kxh2 d5 46.Qe7 Qh6+ 47.Kg2 Nc6 48.Qd7 Rd8  0-1

[Event "Lippstadt"]
[Site "Lippstadt"]
[Date "1995.??.??"]
[Round "6"]
[White "Wehmeier, Stefan"]
[Black "Schlosser, Philipp"]
[Result "0-1"]
[WhiteElo "2410"]
[BlackElo "2500"]

1.e4 c5 2.Nf3 e6 3.d4 cxd4 4.Nxd4 a6 5.Bd3 Nf6 6.Nc3 Qc7 7.Qe2 d6 8.f4 Nc6
9.Nxc6 bxc6 10.e5 Nd5 11.Nxd5 cxd5 12.O-O Be7 13.Rf3 Bb7 14.b3 dxe5 15.fxe5 Bc5+
16.Kh1 Bd4 17.Rb1 Bxe5 18.Rh3 Bf6 19.b4 e5 20.b5 axb5 21.Bxb5+ Kf8 22.a4 e4
23.Ba3+ Kg8 24.Rf1 Be5 25.c3 g6 26.Qf2 Bc8 27.Re3 Be6 28.c4 Kg7 29.Bb2 Rac8
30.Bd7 Rcf8 31.Bc6 dxc4 32.Bxe5+ Qxe5 33.Rxe4 Qc3 34.Rd4 h5 35.h4 Rd8 36.Rf4 Rhf8
37.Qc5 Rd2 38.a5 Ra2 39.Qe7 Rxa5 40.Be8 Ra1 41.Kh2 Rxf1 42.Rxf1 Qe5+ 43.Kh1 Qd4
44.Re1 Rxe8  0-1

[Event "POL-chT"]
[Site "Lubniewice"]
[Date "1995.??.??"]
[Round "3"]
[White "Socko, Bartosz"]
[Black "Goj, Artur"]
[Result "1/2-1/2"]
[WhiteElo "2485"]
[BlackElo "2340"]

1.e4 c5 2.Nf3 e6 3.d4 cxd4 4.Nxd4 a6 5.Bd3 Nc6 6.Be3 Nf6 7.O-O e5 8.Nxc6 dxc6
9.f3 Be6 10.Nd2 Nd7 11.Bc4 Bc5 12.Bxc5 Nxc5 13.Bxe6 Qd4+ 14.Rf2 Nxe6 15.c3 Qc5
16.Nb3 Qe7 17.Rd2 Rd8 18.Rxd8+ Qxd8 19.Qe1 O-O 20.Rd1 Qg5 21.Rd7 h5 22.Qg3 Qf6
23.Qf2 h4 24.Nc5 Nxc5 25.Qxc5 Rd8 26.Rxd8+ Qxd8 27.h3 Qg5 28.Qf2 Qc1+ 29.Kh2 Qf4+
30.Kg1 Qc1+  1/2-1/2

[Event "POL-chT"]
[Site "Lubniewice"]
[Date "1995.??.??"]
[Round "6"]
[White "Lukasiewicz, Anna"]
[Black "Guzkowska, Magdalena"]
[Result "0-1"]
[WhiteElo "2170"]
[BlackElo "2195"]

1.e4 c5 2.Nf3 e6 3.d4 cxd4 4.Nxd4 a6 5.Bd3 Nc6 6.Nxc6 dxc6 7.O-O e5 8.Nd2 Nf6
9.Nc4 Bg4 10.Qe1 Nd7 11.f4 Be6 12.Kh1 f6 13.fxe5 Bxc4 14.Bxc4 Nxe5 15.Qc3 Qd6
16.Bf4 O-O-O 17.Be2 Qc7 18.b4 Bd6 19.a4 h5 20.Rad1 Kb8 21.Qb3 g5 22.Bg3 h4
23.Bxe5 Bxe5 24.h3 Rxd1 25.Rxd1 Rd8 26.Rd3 Qe7 27.Kg1 Rxd3 28.Bxd3 Bd4+ 29.Kh1 Qe5
30.Bxa6 bxa6 31.Qg8+ Ka7 32.b5 axb5 33.axb5 Qxb5  0-1

[Event "POL-chT"]
[Site "Lubniewice"]
[Date "1995.??.??"]
[Round "7"]
[White "Dobrowolski, Piotr"]
[Black "Wach, Slawomir"]
[Result "0-1"]
[WhiteElo "2390"]
[BlackElo "2265"]

1.e4 c5 2.Nf3 e6 3.d4 cxd4 4.Nxd4 a6 5.Bd3 Nf6 6.O-O d6 7.c4 Nbd7 8.Nc3 b6
9.Qe2 g6 10.f4 Bg7 11.Nf3 Bb7 12.f5 O-O 13.Bf4 Qc7 14.Rad1 Rfe8 15.fxg6 hxg6
16.Ng5 Ne5 17.Qf2 Re7 18.Qh4 Rd8 19.Kh1 Nh5 20.Bc1 Nxd3 21.Rxd3 Qxc4 22.Rdf3 f5
23.b3 Qc7 24.Ne2 Be5 25.Be3 Rde8 26.Rc1 Qd7 27.g4 Nf6 28.gxf5 exf5 29.Rh3 Nxe4
30.Kg1 Bf6 31.Kf1  0-1

[Event "CRO-chT"]
[Site "Makarska Tucepi"]
[Date "1995.??.??"]
[Round "?"]
[White "Paraminski, Albina"]
[Black "Bocina, Marija"]
[Result "1-0"]
[WhiteElo "2170"]
[BlackElo "2025"]

1.e4 c5 2.Nf3 e6 3.d4 cxd4 4.Nxd4 a6 5.Bd3 Qc7 6.O-O Nf6 7.Nc3 Be7 8.Kh1 d6
9.f4 Nc6 10.Nxc6 bxc6 11.a4 Bb7 12.a5 d5 13.b3 dxe4 14.Nxe4 Nxe4 15.Bxe4 Bf6
16.Ra4 O-O 17.Qf3 Rfd8 18.Be3 Rd7 19.Bb6 Qd6 20.Rc4 Rc8 21.Bc5 Qb8 22.b4 Rd5
23.Bb6 Bd8 24.Qh3 g6 25.Bxd5 cxd5 26.Rxc8 Qxc8 27.Bxd8 Qxd8 28.Qd3 Qc8 29.Rc1 Bc6
30.c4 Bb5 31.Qd4 dxc4 32.Rd1 Qb7 33.Qf6 Be8 34.Rd8 Qb5 35.Qe7  1-0

[Event "Manresa op"]
[Site "Manresa"]
[Date "1995.??.??"]
[Round "1"]
[White "Korneev, Oleg"]
[Black "Cabot Muntane, Jordi"]
[Result "1-0"]
[WhiteElo "2605"]
[BlackElo "2250"]

1.e4 c5 2.Nf3 e6 3.d4 cxd4 4.Nxd4 a6 5.Bd3 Qc7 6.O-O Nc6 7.Nxc6 bxc6 8.Nc3 d5
9.Qe2 Bb7 10.b3 Nf6 11.Bb2 Be7 12.Rad1 O-O 13.Na4 a5 14.e5 Nd7 15.c4 Nb6
16.cxd5 Nxd5 17.Qe4 g6 18.Qg4 Rfd8 19.Bc4 Rd7 20.Bxd5 cxd5 21.Bd4 Ra6 22.Nc3 Rc6
23.Nb5 Qb8 24.Rc1 Rxc1 25.Rxc1 Ba6 26.Nd6 Bxd6 27.exd6 Qxd6 28.Qg5 Qe7 29.Bf6 Qf8
30.h4 h5 31.Bd4 Kh7 32.Qf6 Qg8 33.Rc6 Bb7 34.Rc3 Qf8 35.f4 Ba6 36.f5 exf5
37.Re3 Bb7 38.Re8  1-0

[Event "Manresa"]
[Site "Manresa"]
[Date "1995.??.??"]
[Round "4"]
[White "Spraggett, Kevin"]
[Black "Vehi Bach, Victor Manuel"]
[Result "1-0"]
[WhiteElo "2530"]
[BlackElo "2445"]

1.e4 c5 2.Nf3 e6 3.d4 cxd4 4.Nxd4 a6 5.Bd3 Bc5 6.Nb3 Ba7 7.Qe2 Nc6 8.Be3 d6
9.c4 Nge7 10.Nc3 O-O 11.O-O Ne5 12.Rfe1 Qc7 13.Rac1 Bd7 14.Bxa7 Rxa7 15.Qe3 b6
16.Be2 Qb8 17.Qd2 Nc8 18.Nd4 Qa8 19.Qe3 Ng6 20.b3 Re8 21.a4 Qb8 22.g3 Rc7
23.f4 e5 24.fxe5 Rxe5 25.Kh1 Bc6 26.Bd3 Qb7 27.b4 Rce7 28.b5 axb5 29.axb5 Bd7
30.Nd5 Re8 31.Qd2 Nce7 32.Ra1 Nxd5 33.cxd5 Ra8 34.Qb4 Rxa1 35.Rxa1 Qc7 36.Nc6 Bxc6
37.bxc6 Re8 38.Ra6 f5 39.Rxb6 Ne5 40.Be2 fxe4 41.Rb7 Qd8 42.c7 Qg5 43.Rb8  1-0

[Event "Capablanca mem"]
[Site "Matanzas"]
[Date "1995.??.??"]
[Round "5"]
[White "Zapata, Alonso"]
[Black "Blanco Fernandez, Alvaro"]
[Result "0-1"]
[WhiteElo "2535"]
[BlackElo "2455"]

1.e4 c5 2.Nf3 e6 3.d4 cxd4 4.Nxd4 a6 5.Bd3 Qc7 6.O-O Nf6 7.Qe2 d6 8.c4 Nbd7
9.b3 b6 10.Bb2 Bb7 11.Nc3 Be7 12.f4 g6 13.Rae1 O-O 14.f5 exf5 15.exf5 Ne5
16.Be4 Nxe4 17.Nxe4 Rfe8 18.Qd2 Bxe4 19.Rxe4 Bf8 20.Ne2 b5 21.Nc3 Qc5+ 22.Kh1 bxc4
23.Rh4 Bg7 24.Ne4 Qc6 25.Qxd6 cxb3 26.Bxe5 Qb5 27.Kg1 Qxe5 28.Qxe5 Rxe5 29.axb3 Rb8
30.fxg6 hxg6 31.Rf3 g5 32.Nxg5 Rxg5 33.Rhf4 Rb7 34.Rd3 Be5 35.Rff3 f6 36.g3 Rgg7
37.Kg2 Rgd7 38.h4 Rbc7 39.Kh3 Rxd3 40.Rxd3 Rc3 41.Rxc3 Bxc3 42.Kg4 Kf7 43.h5 Be1
44.Kf4 Kg7 45.Kf5 Bxg3 46.h6+ Kxh6 47.Kxf6 Be1 48.Ke5 Kg5 49.Kd5 Kf5 50.Kc5 a5  0-1

[Event "Fide Mercenarios 2nd"]
[Site "MEX"]
[Date "1995.??.??"]
[Round "?"]
[White "Norgaard, Jesper"]
[Black "Guevara, Mario"]
[Result "1-0"]
[WhiteElo "2330"]
[BlackElo "2260"]

1.e4 c5 2.Nf3 e6 3.d4 cxd4 4.Nxd4 a6 5.Bd3 Nc6 6.Nxc6 dxc6 7.f4 Bc5 8.a4 Qh4+
9.g3 Qh3 10.Bf1 Qh6 11.Nd2 Ne7 12.e5 Nf5 13.Ne4 Ba7 14.Nd6+ Nxd6 15.Qxd6 g6
16.Bg2 Bd7 17.Bd2 Qf8 18.Qc7 Qc5 19.O-O-O Qb6 20.Ba5 Qxc7 21.Bxc7 Rc8 22.Bd6 Bb8
23.Bc5 Bc7 24.Rd3 Rd8 25.Rhd1 Bc8 26.Rxd8+ Bxd8 27.Kd2 f5 28.Kc3 h5 29.h4 Rh7
30.Kb4 Rd7 31.Bd6 Bb6 32.a5 Bf2 33.Rd3 Be1+ 34.c3 Bf2 35.Kc4 Kd8 36.Rf3 Ba7
37.Rf1 Be3 38.Bf3 Ba7 39.Kb4 Rf7 40.Rd1 Rd7 41.Rd3 Bf2 42.Bg2 Bg1 43.Kb3 Bf2
44.Kc2 Bg1 45.Kd1 Bf2 46.b4 Bg1 47.Ke1 Ke8 48.Bf3 Kd8 49.c4 Ba7 50.Bd1 Ke8
51.Ba4 Rd8 52.b5 cxb5 53.cxb5 axb5 54.Bxb5+ Bd7 55.Bc7 Bxb5 56.Rxd8+ Ke7
57.Rh8 Kf7 58.Bb6 Bxb6 59.axb6 Bc6 60.Rh7+ Kf8 61.Kd2 Bd5 62.Kc3 Bc6 63.Kd4 Bd5
64.Kc5 Bc6 65.Kd6 Bd5 66.Rc7  1-0

[Event "Fide Mercenarios 4th"]
[Site "MEX"]
[Date "1995.??.??"]
[Round "7"]
[White "Garcia, J."]
[Black "Martin del Campo, Jorge"]
[Result "0-1"]
[WhiteElo "2225"]
[BlackElo "2215"]

1.e4 c5 2.Nf3 e6 3.d4 cxd4 4.Nxd4 a6 5.Bd3 Qc7 6.c4 Nc6 7.Nxc6 dxc6 8.f4 Bb4+
9.Nc3 Ne7 10.O-O O-O 11.Qf3 Ng6 12.Be3 Bxc3 13.bxc3 c5 14.Qh5 Rd8 15.Rad1 Bd7
16.Qxc5 Qxc5 17.Bxc5 Ba4 18.Rd2 e5 19.g3 Rd7 20.f5 Nf8 21.Rff2 h6 22.Bb6 Nh7
23.Bb1 Nf6 24.Kg2 Rc8 25.c5 Kf8 26.Kf3 Kg8 27.Bd3 Bc6 28.Rfe2 Re7 29.c4 Ba4
30.Bc2 Bxc2 31.Rxc2 Nd7 32.Red2 Nxc5 33.Rd5 Nd7 34.Ba5 Nf6 35.Rd6 Rd7 36.Rxd7 Nxd7
37.Ke3 b5 38.Kd3 Nc5+ 39.Ke3 Nb7 40.Bb4 a5 41.Ba3 f6 42.g4 b4 43.Bc1 Nc5
44.Rd2 a4 45.Rd6 b3 46.axb3 Nxb3 47.Re6 Kf7 48.Ba3 Rxc4 49.Re7+ Kg8 50.Re8+ Kh7
51.Ra8 Rc3+ 52.Kf2 Rc2+ 53.Kg3 Nd2 54.Bf8 Nxe4+ 55.Kf3 Ng5+ 56.Kg3 Rc3+ 57.Kg2 a3
58.Ra7 Rc2+ 59.Kg3 a2 60.Rxg7+ Kh8 61.Ra7 Ne4+ 62.Kf3 Nd2+ 63.Kg3 Nb3  0-1

[Event "Mitropa Cup"]
[Site "?"]
[Date "1995.??.??"]
[Round "4"]
[White "Manik, Mikulas"]
[Black "Costa, Jean Luc"]
[Result "1-0"]
[WhiteElo "2380"]
[BlackElo "2425"]

1.e4 c5 2.Nf3 e6 3.d4 cxd4 4.Nxd4 a6 5.Bd3 Nf6 6.O-O Qc7 7.c4 Bc5 8.Nb3 Ba7
9.Nc3 Nc6 10.c5 Nb4 11.Be2 b6 12.a3 Nc6 13.Be3 bxc5 14.Bxc5 Bxc5 15.Nxc5 Qe5
16.N5a4 Rb8 17.b4 d6 18.Qd3 O-O 19.Rad1 Ne8 20.f4 Qf6 21.Nb2 Bb7 22.Nc4 Rd8
23.Qe3 Qe7 24.Rd2 Qc7 25.Rfd1 Ne7 26.Na5 d5 27.Na4 Nd6 28.e5 Ne4 29.Rd3 Nf5
30.Qc1 Qb8 31.Nc5 Ba8 32.Nxa6 Qa7+ 33.Nc5 Rc8 34.Nb3 Qxa3  1-0

[Event "Mlada Boleslav op"]
[Site "?"]
[Date "1995.??.??"]
[Round "?"]
[White "Carlsson, Daniel"]
[Black "Sarakauskas, Gediminas"]
[Result "1-0"]
[WhiteElo "2125"]
[BlackElo "2175"]

1.e4 c5 2.Nf3 e6 3.d4 cxd4 4.Nxd4 a6 5.Bd3 Nc6 6.Nxc6 bxc6 7.O-O d5 8.Nd2 Nf6
9.Qe2 Be7 10.c4 O-O 11.b3 e5 12.cxd5 cxd5 13.Bb2 d4 14.Nc4 Nd7 15.f4 f6 16.Rad1 Kh8
17.f5 Qe8 18.Rf3 Nc5 19.Rh3 a5 20.Qg4 g5 21.Nb6 Nxd3 22.Rdxd3 Rb8 23.Nd5 Bd8
24.Rh6 Ba6 25.Rdh3 Rb7 26.R3h5 Rff7 27.Rxg5 fxg5 28.Rxa6 Qb5 29.Re6 Qd3 30.Re8+ Kg7
31.h4 Qb1+ 32.Kh2 Qxb2 33.Rxd8 Qc1 34.hxg5 Rf8 35.f6+ Kg8 36.Qe6+ Rf7 37.Ne7+ Kh8
38.Qxf7 Qf4+ 39.Kh3 Qe3+ 40.g3  1-0

[Event "Moscow op2"]
[Site "Moscow"]
[Date "1995.??.??"]
[Round "2"]
[White "Korneev, Oleg"]
[Black "Annakov, Babakuli"]
[Result "1-0"]
[WhiteElo "2605"]
[BlackElo "2410"]

1.e4 c5 2.Nf3 e6 3.d4 cxd4 4.Nxd4 a6 5.Bd3 Nf6 6.O-O d6 7.f4 Nbd7 8.Kh1 Be7
9.Qe2 Qc7 10.Nd2 b5 11.N2f3 Bb7 12.e5 dxe5 13.fxe5 Nd5 14.Bg5 Nc5 15.Bxb5+ axb5
16.Nxb5 Qb6 17.c4 Nc7 18.Bxe7 Kxe7 19.Nd6 f5 20.exf6+ gxf6 21.Rad1 Ne8 22.Nxb7 Nxb7
23.b4 Nd8 24.Ne5 Ra7 25.c5 Qxb4 26.Qd3 Ra8 27.Qf3 fxe5 28.Qxa8 Nf6 29.c6 Qc5
30.c7 Qxc7 31.Qa3+ Kf7 32.Qf3 Qe7 33.Rd7  1-0

[Event "Moscow op"]
[Site "Moscow"]
[Date "1995.??.??"]
[Round "2"]
[White "Losev, Dmitry"]
[Black "Yuferov, Sergey  N"]
[Result "0-1"]
[WhiteElo "2350"]
[BlackElo "2475"]

1.e4 c5 2.Nf3 e6 3.d4 cxd4 4.Nxd4 a6 5.Bd3 Nc6 6.Nxc6 dxc6 7.O-O e5 8.f4 Nf6
9.Kh1 Bc5 10.Nd2 Ng4 11.Nf3 Nf2+ 12.Rxf2 Bxf2 13.Nxe5 O-O 14.f5 Bd4 15.Nf3 Qd6
16.c3 Bf6 17.Qe2 Re8 18.Be3 b5 19.Rd1 Qe7 20.Qf2 Bb7 21.Bf4 g6 22.e5 Bh8
23.f6 Qd7 24.Qh4 Rad8  0-1

[Event "Mravinci-A"]
[Site "Mravinci"]
[Date "1995.??.??"]
[Round "?"]
[White "Rade, Miroslav"]
[Black "Horvath, Csaba"]
[Result "1/2-1/2"]
[WhiteElo "2300"]
[BlackElo "2500"]

1.e4 c5 2.Nf3 e6 3.d4 cxd4 4.Nxd4 a6 5.Bd3 Nf6 6.O-O Qc7 7.Qe2 d6 8.c4 g6
9.Nc3 Bg7 10.Be3 Nbd7 11.Rac1 Ne5 12.Nf3 Nxf3+ 13.Qxf3 O-O 14.Na4 Nd7 15.b4 a5
16.b5 Nc5 17.Nxc5 dxc5 18.Bg5 b6 19.Bf6 Bxf6 20.Qxf6 Qd8 21.Qxd8 Rxd8 22.Rfd1 e5
23.Be2 Be6 24.Rxd8+ Rxd8 25.Rc2 Kg7 26.f3 f5 27.Kf2 Kf6 28.Ke3 f4+ 29.Kf2 h5
30.Rb2 g5 31.h3 Rd7 32.Rc2 Rd4 33.Ke1 g4 34.h4  1/2-1/2

[Event "New York Marshall"]
[Site "New York"]
[Date "1995.??.??"]
[Round "4"]
[White "Brooks, Michael A"]
[Black "Bezold, Michael"]
[Result "0-1"]
[WhiteElo "2445"]
[BlackElo "2495"]

1.e4 c5 2.Nf3 e6 3.d4 cxd4 4.Nxd4 a6 5.Bd3 Bc5 6.Nb3 Ba7 7.Qe2 Nc6 8.Be3 Nf6
9.Nc3 d6 10.f4 b5 11.O-O b4 12.Nd1 e5 13.Bxa7 Rxa7 14.Ne3 O-O 15.Kh1 a5 16.Nd2 Re8
17.f5 Nd4 18.Qf2 Rc7 19.Rac1 Bb7 20.c3 bxc3 21.bxc3 Nc6 22.Nd5 Nxd5 23.exd5 Nb8
24.f6 Qxf6 25.Qxf6 gxf6 26.Ne4 Rd8 27.Nxf6+ Kg7 28.c4 Nd7 29.Nh5+ Kg8 30.Rce1 Ba6
31.Re4 f5 32.Rxf5 Nc5 33.Re3 Nxd3 34.Rxd3 Bxc4 35.Rc3 Rb7 36.h3 Bxa2 37.Ra3 Bb1
38.Rg5+ Bg6 39.Rxa5 Kf7 40.Ng3 Rb4 41.Ne2 Rb2 42.Nc3 Rd2 43.Rg3 e4 44.Ra7+ Kf6
45.Re3 Rd4 46.Kg1 Re8 47.Kf2 Rd2+ 48.Re2 Rd3 49.Re3 Rd2+ 50.Re2 Rxe2+ 51.Kxe2 Rc8
52.Ra3 Ke5 53.Ke3 Rc4 54.Ne2 Rb4 55.Nf4 Be8 56.h4 Bb5 57.g3 Rb1 58.Ra7 Rb3+
59.Kf2 Kd4 60.Ne6+ Kxd5 61.Nf4+ Kd4  0-1